Normal view
MARC view
Entry Topical Term
001 - CONTROL NUMBER
- control field: 201699
003 - CONTROL NUMBER IDENTIFIER
- control field:
005 - DATE AND TIME OF LATEST TRANSACTION
- control field: 20210601195850.0
008 - FIXED-LENGTH DATA ELEMENTS
- fixed length control field: 210601|| aca||aabn | a|a d
040 ## - CATALOGING SOURCE
- Original cataloging agency:
- Transcribing agency:
150 ## - HEADING--TOPICAL TERM
- Topical term or geographic name entry element: Expenditure, Public
670 ## - SOURCE DATA FOUND
- Source citation: Work cat.: (): 880-01 सिंह¸ देवेन्द्र प्रसाद, डॉ 198572, लोक वित्त के सिद्धान्त = Principles of public finance :, 1990
